| 000 | 00665nam a22001937a 4500 | ||
|---|---|---|---|
| 003 | NUST | ||
| 005 | 20240122105753.0 | ||
| 038 | _aMr. Zahoor | ||
| 082 | _a670.5 | ||
| 100 |
_aNaveed Ashraf, Muhammad _916239 |
||
| 245 |
_aPRODUCTIVITY ENHANCEMENT OF MANUFACTURING ENTERPRISES USING INTEGRATED SLP MODELING APPROACH / _cMuhammad Naveed Ashraf |
||
| 260 |
_aIslamabad: _bSMME - NUST, _c2015. |
||
| 300 |
_avi, 109 p.: ill.; _b30cm. |
||
| 500 | _aHardcover | ||
| 650 |
_aDesign and Manufacturing Engineering - MS Thesis _916133 |
||
| 700 |
_aDr. Shahid Ikramullah Butt _916240 |
||
| 856 | _uhttp://10.250.8.41:8080/xmlui/handle/123456789/10647 | ||
| 942 |
_2ddc _cTHE |
||
| 999 |
_c525382 _d525382 |
||